| 000 | 00594nam a22002057a 4500 | ||
|---|---|---|---|
| 001 | 86482 | ||
| 003 | BD-RjUL | ||
| 005 | 20260514130618.0 | ||
| 008 | 260514s1965 pk ||||| |||| 00| 0 urd d | ||
| 035 | _a(BD-RjUL)86482 | ||
| 040 |
_aBD-RjUL _beng _cBD-RjUL |
||
| 041 | _aurd | ||
| 082 |
_223 _a530.1 |
||
| 100 |
_a عسکری ،حمید ;; Askari, Hamid _918491 |
||
| 245 |
_aمادے کے خواص ;; made ke khwas / _cحمید عسکری ;;Hamid Askari |
||
| 264 |
_aLahore : _bMarkaji urdu, _c1965 |
||
| 300 |
_a578 p. ; _c23 cm |
||
| 650 |
_aPhysics _vMathmetical _918492 |
||
| 942 |
_2ddc _cBK |
||
| 999 |
_c86482 _d86482 |
||